Layout style graphics

Bibliographic Details
Format: Book
Published: Tokyo : Pie Books , 2003
Subjects:

MARC

LEADER 00000cam a2200000 7i4500
001 0000015451
005 20050704.0
020 |a 4894442639 
040 |a INS 
090 0 0 |a Z253.3.   |b L426 2003 
245 1 0 |a Layout style graphics 
260 |a Tokyo :   |b Pie Books ,   |c 2003 
300 |a 216p ;   |c 30cm. 
650 0 0 |a Graphic design (Typography) 
650 0 0 |a Layout (Printing) 
999 |a 0000015395   |b BOOK   |c Open Shelf   |e Default branch